| 000 | 00694nam a22002297a 4500 | ||
|---|---|---|---|
| 003 | OSt | ||
| 005 | 20260203034440.0 | ||
| 008 | 260203b |||||||| |||| 00| 0 eng d | ||
| 020 | _a 978-0-07-018191-5 | ||
| 040 |
_aDWC-Main lib _cOC |
||
| 082 |
_25th ed. _aCirc. 658.1511 B847 2010 |
||
| 100 | _aBrewer, Peter C. | ||
| 245 |
_aIntroduction to managerial accounting/ _cPeter C. Brewer |
||
| 250 | _a5th ed. | ||
| 260 |
_aBoston : _bMcGraw-Hill/Irwin, _c c2010. |
||
| 300 |
_axxx, 694 p. : _b ill. ; _c25 cm. |
||
| 504 | _aIncludes index. | ||
| 650 | _a1. Managerial accounting. | ||
| 700 | _aRay H. Garrison | ||
| 700 | _aEric W. Noreen | ||
| 942 |
_2ddc _cBK-CIRC _e5th ed. _kCirc. _n0 |
||
| 999 |
_c8175 _d8175 |
||